Statistics for Countries With The Least Safe Airlines

Click here to take the quiz!

General Stats

  • This quiz has been taken 156 times
    (152 since last reset)
  • The average score is 11 of 22

Answer Stats

#country% Correct
2IndiaAirAsia India, SpiceJet
85%
8IndonesiaAirAsia Indonesia, Citilink & 6 ors
84%
1IraqIraqi Airways
75%
2AfghanistanAriana Afghan Airlines, Kam Air
72%
1BangladeshNovoair
65%
2LibyaAfriqiyah, Libyan Airlines
65%
4NepalBuddha Air, Nepal Airlines & 2 ors
65%
1YemenFelix Airways
60%
1MyanmarAir Bagan
56%
1PhilippinesAirAsia Philippines
55%
1BhutanDrukair Royal Bhutan
54%
1ThailandAirAsia Thailand, Bangkok Air
53%
1TanzaniaFastjet
45%
1TajikistanSomon Air, Tajik Air
44%
1CameroonCarnair
41%
1KyrgyzstanAvia Traffic Co
41%
1Papua New GuineaAirlines PNG
36%
1DjiboutiDaallo Airlines
26%
1PanamaAir Panama
26%
1SurinameBlue Wing
25%
1SamoaPolynesian Airlines
22%
1Cook IslandsAir Rarotonga
20%

Score Distribution

Percentile by Number Answered

Percent of People with Each Score

Your Score History

You have not taken this quiz since the last reset